Name A Border Of Every African Country - Statistics

General Stats
  • This quiz has been taken 184 times
  • The average score is 45 of 48
Answer Stats
Country Borders % Correct
Algeria
99%
D.R. Congo
99%
Egypt
99%
Angola
97%
Bostwana
97%
Central African Republic
97%
Chad
97%
Ethiopia
97%
Libya
97%
Benin
96%
Djibouti
96%
Eswatini
96%
Cameroon
95%
Eritrea
95%
Lesotho
95%
Morocco
95%
Niger
95%
Nigeria
95%
Kenya
94%
Rep. of the Congo
94%
Burkina Faso
93%
Burundi
93%
Mali
93%
Namibia
93%
Somalia
93%
South Africa
93%
South Sudan
93%
Sudan
93%
Gabon
92%
Gambia
92%
Ghana
92%
Guinea
92%
Guinea-Bissau
92%
Ivory Coast
92%
Mauritania
92%
Mozambique
92%
Tanzania
92%
Tunisia
92%
Zambia
92%
Liberia
91%
Rwanda
91%
Zimbabwe
91%
Equatorial Guinea
90%
Senegal
90%
Togo
90%
Uganda
90%
Malawi
89%
Sierra Leone
87%
No matching quizzes found
Score Distribution
Percent of People with Each Score
Percentile by Number Answered
Your Score History
You have not taken this quiz